Elementary Crosswords Quiz Stats

Quiz Updated Apr 4, 2012

Challenge
Share
Tweet
Embed
Score 0/144 Timer 10:00
7 Plays Today
head answer % Correct
PUZZLE #1 CLUES:
Element atomic No. 47⇓
 S
88.7%
Useful tool for
potatoes or oranges⇓
 E
88%
PUZZLE #4 CLUES:
Element with atomic no. 2⇓
 E
87.7%
Useful tool for
potatoes or oranges⇓
 R
87.2%
PUZZLE #1 CLUES:
Element atomic No. 47⇓
 R
86.8%
PUZZLE #4 CLUES:
Element with atomic no. 2⇓
 M
86.8%
Sport from the Japanese
for 'empty hand'⇓
 K
86.4%
Type of acid you might put on fish & chips⇓ А
85.9%
Sport from the Japanese
for 'empty hand'⇓
 E
85.1%
Ukrainian port city
or Texas city⇓
 D
84.7%
City in New York or
company that sells 1 Down⇓
 O
84.6%
Newspaper advertising
supplement⇓
 N
84.6%
Useful tool for
potatoes or oranges⇓
 E
84.6%
Useful tool for
potatoes or oranges⇓
 L
83.9%
Ukrainian port city
or Texas city⇓
 А
83.2%
Element with
atomic number 8⇓
 E
83%
Newspaper advertising
supplement⇓
 T
83%
Useful tool for
potatoes or oranges⇓
 E
82.9%
Useful tool for
potatoes or oranges⇓
 P
82.9%
Type of acid you might put on fish & chips⇓ C
82.7%
Vermont or Pacific
in American 'Monopoly'⇓
 А
82.7%
PUZZLE #4 CLUES:
Element with atomic no. 2⇓
 L
82.6%
Element with
atomic number 27⇓
 C
82.5%
Two-word description
of a ruby⇓
 R
82%
City in New York or
company that sells 1 Down⇓
 А
81.4%
Element with
atomic number 6⇓
 R
81%
Element with
atomic number 6⇓
 C
81%
Element with
atomic number 8⇓
 Y
80.9%
PUZZLE #4 CLUES:
Element with atomic no. 2⇓
 I
80.9%
Element with
atomic number 8⇓
 N
80.6%
PUZZLE #5 CLUES:
Eats voraciously⇓
 S
80.6%
Element with
atomic number 6⇓
 N
80.5%
Element with
atomic number 6⇓
 O
80.3%
Type of artist
that Houdini was⇓
 S
79.8%
NASA program
that went to the moon⇓
 O
79.8%
NASA program
that went to the moon⇓
 O
79.4%
Type of artist
that Houdini was⇓
 P
79.3%
Type of artist
that Houdini was⇓
 C
79.2%
NASA program
that went to the moon⇓
 А
79.1%
PUZZLE #4 CLUES:
Element with atomic no. 2⇓
 H
79%
PUZZLE #4 CLUES:
Element with atomic no. 2⇓
 U
79%
Element with
atomic number 6⇓
 А
78.6%
Vermont or Pacific
in American 'Monopoly'⇓
 N
78.5%
Element with
atomic number 6⇓
 B
78.3%
Element with
atomic number 27⇓
 А
78.2%
NASA program
that went to the moon⇓
 L
78.2%
Element with
atomic number 8⇓
 X
78%
Type of artist
that Houdini was⇓
 E
77.7%
head answer % Correct
Vermont or Pacific
in American 'Monopoly'⇓
 E
77.2%
Element with
atomic number 8⇓
 O
77.2%
Element with
atomic number 27⇓
 T
76.9%
NASA program
that went to the moon⇓
 P
76.8%
PUZZLE #1 CLUES:
Element atomic No. 47⇓
 I
76.4%
Type of artist
that Houdini was⇓
 E
76.1%
Element with
atomic number 8⇓
 G
75.9%
NASA program
that went to the moon⇓
 L
75.7%
PUZZLE #1 CLUES:
Element atomic No. 47⇓
 V
75.7%
Two-word description
of a ruby⇓
 G
75.5%
PUZZLE #5 CLUES:
Eats voraciously⇓
 R
75%
PUZZLE #6 CLUES:
Element with atomic no. 29⇓
 P
74.9%
Sport from the Japanese
for 'empty hand'⇓
 А
74.9%
Sport from the Japanese
for 'empty hand'⇓
 А
74.8%
PUZZLE #6 CLUES:
Element with atomic no. 29⇓
 R
74.7%
Type of artist
that Houdini was⇓
 А
74.4%
Subdivisions of
Shakespearean plays⇓
 E
74.4%
Ukrainian port city
or Texas city⇓
 E
74%
Two-word description
of a ruby⇓
 M
73.9%
Newspaper advertising
supplement⇓
 S
73.5%
Newspaper advertising
supplement⇓
 E
73.4%
PUZZLE #6 CLUES:
Element with atomic no. 29⇓
 C
73.2%
PUZZLE #5 CLUES:
Eats voraciously⇓
 S
73.1%
PUZZLE #1 CLUES:
Element atomic No. 47⇓
 E
73.1%
Ukrainian port city
or Texas city⇓
 S
73%
Subdivisions of
Shakespearean plays⇓
 S
72.8%
PUZZLE #1 CLUES:
Element atomic No. 47⇓
 L
72.5%
PUZZLE #6 CLUES:
Element with atomic no. 29⇓
 P
72.3%
Subdivisions of
Shakespearean plays⇓
 S
72.2%
A meal or
the food eaten at a meal⇓
 P
72%
Sport from the Japanese
for 'empty hand'⇓
 R
71.1%
Vermont or Pacific
in American 'Monopoly'⇓
 U
70.8%
Sport from the Japanese
for 'empty hand'⇓
 T
70.8%
Subdivisions of
Shakespearean plays⇓
 N
70.8%
Ballroom dance
in 3/4 time⇓
 I
70.4%
PUZZLE #6 CLUES:
Element with atomic no. 29⇓
 O
70.2%
Vermont or Pacific
in American 'Monopoly'⇓
 V
70.2%
Vermont or Pacific
in American 'Monopoly'⇓
 E
70.2%
A meal or
the food eaten at a meal⇓
 T
70.1%
PUZZLE #3 CLUES:
Melon or Turkish city⇓
 А
70.1%
Element with
atomic number 27⇓
 L
70%
Element with
atomic number 27⇓
 O
69.9%
A meal or
the food eaten at a meal⇓
 R
69.9%
A group of actors
on a national tour⇓
 T
69.3%
Two-word description
of a ruby⇓
 E
69.1%
Ballroom dance
in 3/4 time⇓
 N
68.9%
Ballroom dance
in 3/4 time⇓
 E
68.9%
PUZZLE #3 CLUES:
Melon or Turkish city⇓
 S
68.6%
head answer % Correct
Two-word description
of a ruby⇓
 E
68.3%
Element with
atomic number 27⇓
 B
68.3%
PUZZLE #3 CLUES:
Melon or Turkish city⇓
 B
68.2%
A meal or
the food eaten at a meal⇓
 А
68.1%
Type of acid you might put on fish & chips⇓ C
68.1%
PUZZLE #6 CLUES:
Element with atomic no. 29⇓
 E
67.4%
Subdivisions of
Shakespearean plays⇓
 C
67.2%
Ukrainian port city
or Texas city⇓
 O
66.8%
Sofa-like living room
furniture⇓
 S
66.6%
Newspaper advertising
supplement⇓
 I
66.5%
PUZZLE #2 CLUES:
Charge at or tear into⇓
 А
66.5%
Type of acid you might put on fish & chips⇓ T
66.3%
Ukrainian port city
or Texas city⇓
 S
66.3%
Two-word description
of a ruby⇓
 D
66.2%
Newspaper advertising
supplement⇓
 R
66%
A group of actors
on a national tour⇓
 E
65.8%
City in New York or
company that sells 1 Down⇓
 N
65.7%
City in New York or
company that sells 1 Down⇓
 I
65.6%
PUZZLE #5 CLUES:
Eats voraciously⇓
 C
65.3%
Subdivisions of
Shakespearean plays⇓
 E
64.9%
PUZZLE #5 CLUES:
Eats voraciously⇓
 F
64.3%
A group of actors
on a national tour⇓
 O
64.1%
Type of acid you might put on fish & chips⇓ E
63.3%
A meal or
the food eaten at a meal⇓
 E
63.2%
PUZZLE #5 CLUES:
Eats voraciously⇓
 А
63%
A group of actors
on a national tour⇓
 P
62.9%
Type of acid you might put on fish & chips⇓ I
62.5%
PUZZLE #2 CLUES:
Charge at or tear into⇓
 C
61.3%
A group of actors
on a national tour⇓
 R
60.9%
A group of actors
on a national tour⇓
 U
60.7%
PUZZLE #2 CLUES:
Charge at or tear into⇓
 K
60.7%
Sofa-like living room
furniture⇓
 E
60.7%
City in New York or
company that sells 1 Down⇓
 E
60.4%
Sofa-like living room
furniture⇓
 E
59.9%
PUZZLE #2 CLUES:
Charge at or tear into⇓
 T
59.7%
Ballroom dance
in 3/4 time⇓
 T
59.7%
PUZZLE #3 CLUES:
Melon or Turkish city⇓
 А
59.4%
City in New York or
company that sells 1 Down⇓
 D
58.5%
Sofa-like living room
furniture⇓
 T
58.4%
A meal or
the food eaten at a meal⇓
 S
57.7%
PUZZLE #2 CLUES:
Charge at or tear into⇓
 А
57.2%
PUZZLE #2 CLUES:
Charge at or tear into⇓
 T
56.4%
Ballroom dance
in 3/4 time⇓
 M
55%
PUZZLE #3 CLUES:
Melon or Turkish city⇓
 C
54.6%
Sofa-like living room
furniture⇓
 T
54.5%
Sofa-like living room
furniture⇓
 E
54.2%
Ballroom dance
in 3/4 time⇓
 U
51.2%
PUZZLE #3 CLUES:
Melon or Turkish city⇓
 А
50.9%

You're not logged in!

Compare scores with friends on all Sporcle quizzes.
Sign Up with Email
OR
Log In

You Might Also Like...

Show Comments

Extras

Top Quizzes Today


Score Distribution

Your Account Isn't Verified!

In order to create a playlist on Sporcle, you need to verify the email address you used during registration. Go to your Sporcle Settings to finish the process.